Základní problémy v oblasti investičních fondů z hlediska daňové zátěže
Problematika investičných fondov v Českej republike podľa zákona č. 240/2013 Sb. o invstičných spoločnostiach a investičných fondoch. Zákonná právna úprava a jej vývoj. Korporátne dane vo vyspelých krajinách.
Guardado en:
| Autor principal: | |
|---|---|
| Formato: | Capítulo de libro |
| Lenguaje: | checo |
| Materias: | |
| Etiquetas: |
Sin Etiquetas, Sea el primero en etiquetar este registro!
|
MARC
| LEADER | 00000naa a2200000 4500 | ||
|---|---|---|---|
| 001 | 0226315 | ||
| 005 | 20221019173205.0 | ||
| 041 | 0 | |a cze | |
| 044 | |a CZ | ||
| 245 | 1 | 0 | |a Základní problémy v oblasti investičních fondů z hlediska daňové zátěže |c Tereza Krček |
| 520 | |a Problematika investičných fondov v Českej republike podľa zákona č. 240/2013 Sb. o invstičných spoločnostiach a investičných fondoch. Zákonná právna úprava a jej vývoj. Korporátne dane vo vyspelých krajinách. | ||
| 610 | 2 | 0 | |a dane korporatívne |
| 610 | 2 | 0 | |a fondy investičné |
| 610 | 2 | 0 | |a krajiny vyspelé |
| 610 | 2 | 0 | |a Česko |
| 610 | 2 | 0 | |a zaťaženie daňové |
| 100 | 1 | |a Krček, Tereza | |